• 首页
  • 本馆介绍
  • 公告通知
  • 最新文献
  • 馆藏检索
  • 电子资源
  • 读者导购
  • 参考咨询
  • 我的图书馆
  • 登录
  • 详细信息显示
  • 放入我的书架
  • 预约/预借图书
  • 作者相关作品
  • 分类相关作品
  • 丛书相关作品
  • 出版社相关作品

书目信息

  • 表格格式
  • 工作单格式
  • 卡片格式
题名:
盒式录音机电路图集
    
 
作者: ;人民邮电出版社 编
分册:  
出版信息: 北京   人民邮电出版社  1981
页数: 72页
开本: 37cm
丛书名:
单 册:
中图分类: TN912.22-64 , TN646-64
科图分类:
主题词: 盒式磁带录音机-电路图 , 电路图-盒式磁带录音机 , 电声器件
电子资源:
ISBN:
000 00780nam0 2200277 45
001 0181004055
005 20040518085358.3
010    @dCNY1.60
091    @a15045.部2505-元6149
100    @a19950629d1981 em y0chiy0121 ea
101 0  @achi
102    @aCN@b110000
105    @af z 000yy
106    @ar
200 10 @a盒式录音机电路图集@Ahe shi lu yin ji dian lu tu ji@f人民邮电出版社编
210    @a北京@c人民邮电出版社@d1981
215    @a72页@d37cm
606    @a盒式磁带录音机-电路图
606    @a电路图-盒式磁带录音机
606 0  @a电声器件
690    @aTN912.22-64@v3 
690    @aTN646-64
711 02 @a人民邮电出版社@Aren min you dian chu ban she@4编
801  0 @aCN@b上海图书馆@c20040518
801  2 @aCN@bNLC@c20040518
905    @f1@b203635@dTN646-64@e41
    
    盒式录音机电路图集/人民邮电出版社编.-北京:人民邮电出版社,1981
    72页;37cm
    
    
    ISBN :CNY1.60
    
●
相关链接 在E读中查询图书 在五车中查询图书 在当当中查询图书 在豆瓣中查询图书


正题名:盒式录音机电路图集     索取号:TN646-64/41         预约/预借

序号 登录号 条形码 馆藏地/架位号 状态 备注
1 0203635   001328272   第三借阅区/ [索取号:TN646-64/41] 在馆    
2 0203636   001328469   第二样本阅览室/ [索取号:TN646-64/41] 在馆    
唐山师范学院图书馆 欢迎您!
大连网信软件有限公司© 版权所有